Berlin U-Bahn stations - Statistics

General Stats
  • This quiz has been taken 207 times
  • The average score is 39 of 174
Answer Stats
Hint Answer % Correct
Alexanderplatz
83%
Hauptbahnhof
62%
Brandenburger Tor
58%
Zoologischer Garten
58%
Potsdamer Platz
57%
Pankow
53%
Friedrichstraße
52%
Warschauer Straße
50%
Nollendorfplatz
47%
Gleisdreieck
43%
Olympia-Stadion
42%
Osloer Straße
42%
Stadtmitte
42%
Wittenbergplatz
42%
Alt-Tegel
40%
Bundestag
40%
Rathaus Spandau
40%
Rosa-Luxemburg-Platz
40%
Hermannstraße
39%
Gesundbrunnen
38%
Hermannplatz
38%
Schlesisches Tor
38%
Schönhauser Allee
38%
Hallesches Tor
37%
Krumme Lanke
37%
Eberswalder Straße
36%
Frankfurter Allee
35%
Frankfurter Tor
35%
Görlitzer Bahnhof
35%
Hönow
35%
Neukölln
35%
Tempelhof
35%
Kotbusser Tor
34%
Jannowitzbrücke
33%
Rathaus Steglitz
33%
Uhlandstraße
33%
Berliner Straße
31%
Bernauer Straße
31%
Märkisches Museum
31%
Mehringdamm
31%
Rathaus Neukölln
31%
Rosenthaler Platz
31%
Rudow
31%
Wedding
31%
Kochstraße
30%
Oranienburger Tor
30%
Ruhleben
30%
Turmstraße
30%
Wittenau
30%
Adenauerplatz
28%
Bismarckstraße
28%
Deutsche Oper
28%
Moritzplatz
28%
Onkel Toms Hütte
28%
Weinmeisterstraße
27%
Alt-Mariendorf
26%
Ernst-Reuter-Platz
26%
Innsbrucker Platz
26%
Möckernbrücke
26%
Naturkundemuseum
26%
Gneisenaustraße
25%
Heinrich-Heine-Straße
25%
Kaiserdamm
25%
Mohrenstraße
25%
Rathaus Schöneberg
25%
Theodor-Heuss-Platz
25%
Tierpark
25%
Yorckstraße
25%
Zitadelle
25%
Prinzenstraße
24%
Heidelberger Platz
23%
Leopoldplatz
23%
Platz der Luftbrücke
23%
Senefelderplatz
23%
Südstern
23%
Bayrischer Platz
22%
Fehrbelliner Platz
22%
Pankstraße
22%
Voltastraße
22%
Jungfernheide
21%
Mendelssohn-Bartholdy-Park
21%
Spichernstraße
21%
Vinetastraße
21%
Weberwiese
21%
Westhafen
21%
Wilmersdorfer Straße
21%
Altstadt Spandau
20%
Hansaplatz
20%
Augsburger Straße
19%
Dahlem-Dorf
19%
Hausvogteiplatz
19%
Karl-Marx-Straße
19%
Kleistpark
19%
Klosterstraße
19%
Alt-Tempelhof
18%
Bundesplatz
18%
Kurfürstendamm
18%
Kurfürstenstraße
18%
Sophie-Charlotte-Platz
18%
Spittelmarkt
18%
Birkenstraße
17%
Leinestraße
17%
Eisenacher Straße
16%
Französische Straße
16%
Lichtenberg
16%
Neu-Westend
16%
Schloßstraße
16%
Strausberger Platz
16%
Boddinstraße
15%
Breitenbachplatz
15%
Rüdesheimer Platz
15%
Samariterstraße
15%
Afrikanische Straße
14%
Blissestraße
14%
Bülowstraße
14%
Hohenzollernplatz
14%
Nauener Platz
14%
Richard-Wagner-Platz
14%
Schönleinstraße
14%
Seestraße
14%
Siemensdamm
14%
Thielplatz
14%
Amrumer Straße
13%
Jakob-Kaiser-Platz
13%
Konstanzer Straße
13%
Podbielskiallee
13%
Reinickendorfer Straße
13%
Schillingstraße
13%
Schwartzkopffstraße
13%
Britz-Süd
12%
Rohrdamm
12%
Hellersdorf
11%
Mierendorffplatz
11%
Oskar-Helene-Heim
11%
Paracelsus-Bad
11%
Paradestraße
11%
Walther-Schreiber-Platz
11%
Borsigwerke
10%
Cottbusser Platz
10%
Kurt-Schumacher-Platz
10%
Viktoria-Louise-Platz
10%
Biesdorf-Süd
9%
Blaschkoallee
9%
Friedrich-Wilhelm-Platz
9%
Grenzallee
9%
Haselhorst
9%
Kaiserin-Augusta-Straße
9%
Magdalenenstraße
9%
Paulsternstraße
9%
Rathaus Reinickendorf
9%
Rehberge
9%
Elsterwerdaer Platz
8%
Friedrichsfelde
8%
Halemweg
8%
Kaulsdorf-Nord
8%
Louis-Lewin-Straße
8%
Otisstraße
8%
Wuhletal
8%
Karl-Bonhoeffer-Nervenklinik
7%
Lindauer Allee
7%
Residenzstraße
7%
Güntzelstraße
6%
Lipschitzallee
6%
Ullsteinstraße
6%
Wutzkyallee
6%
Zwickauer Damm
6%
Johannisthaler Chaussee
5%
Neue Grottkauer Straße
5%
Parchimer Allee
5%
Franz-Neumann-Platz
4%
Museumsinsel
4%
Scharnweberstraße
4%
Westphalweg
4%
Holzhauser Straße
2%
No matching quizzes found
Score Distribution
Percent of People with Each Score
Percentile by Number Answered
Your Score History
You have not taken this quiz